|
|
|
|
| LEADER |
00000nam0a2200000 4500 |
| 001 |
142660 |
| 005 |
20231031142825.0 |
| 010 |
|
|
|a 5742402953
|
| 020 |
|
|
|a RU
|b 90-64528
|
| 035 |
|
|
|a (RuTPU)RU\TPU\book\154590
|
| 090 |
|
|
|a 142660
|
| 100 |
|
|
|a 20080910d1990 m y0rusy5003 ca
|
| 101 |
0 |
|
|a rus
|
| 102 |
|
|
|a RU
|
| 105 |
|
|
|a y z 000ay
|
| 200 |
1 |
|
|a Отзовитесь, лебеди
|e [Роман]
|f Н. Д. Кузаков
|g авт. предисл. М. Вишняков
|
| 210 |
|
|
|a Иркутск
|c Восточно-Сибирское кн. изд-во
|d 1990
|
| 215 |
|
|
|a 320 с.
|d 21 см
|
| 333 |
|
|
|a Исключено из фонда НТБ ТПУ
|
| 675 |
|
|
|a Р2
|z rus
|
| 700 |
|
1 |
|a Кузаков
|b Н. Д.
|g Николай Дмитриевич
|4 070
|
| 702 |
|
1 |
|a Вишняков
|b М.
|4 080
|
| 801 |
|
0 |
|a RU
|b RuMRKP
|c 19950417
|g psbo
|
| 801 |
|
1 |
|a RU
|b 63413507
|c 20080910
|g PSBO
|
| 801 |
|
2 |
|a RU
|b 63413507
|c 20221117
|g PSBO
|
| 942 |
|
|
|c BK
|